| 000 | 00641nam a2200205 a 4500 | ||
|---|---|---|---|
| 001 | 000016621 | ||
| 005 | 20240412074245.0 | ||
| 008 | 100308s2004 xx 000 p spa d | ||
| 040 |
_aDO-SdBNP _bspa _cBNPHU |
||
| 082 |
_aRD861.44 _bM948p |
||
| 100 | 1 |
_aMues, Dulce _936924 |
|
| 245 | 1 | 0 |
_aPrueba de amor / _cDulce Mues ; prólogo Felix Hernández. |
| 260 |
_a[Santo Domingo : _bs.n, _c2004?]. |
||
| 300 |
_a134 p. ; _c22 cm. |
||
| 590 | _aInventariado, 2018/LP | ||
| 650 | 0 |
_aPoesía dominicana _966 |
|
| 650 | 0 |
_aLiteratura dominicana. _967 |
|
| 700 | 1 |
_aHernández, Felix, _epról. _936925 |
|
| 910 | _aValidado. Control de calidad MMOLINA | ||
| 999 |
_c16154 _d16154 |
||